LEADER 00989nam0 22002651i 450 001 UON00321341 005 20231205104141.439 100 $a20090303d1921 |0itac50 ba 101 $afre 102 $aBG 105 $a|||| 1|||| 200 1 $aChansons$fTzanko Tzerkovsky 210 $aSofija$cEcho de Bulgarie$d1921 215 $a76 p.$d21 cm. 606 $aLetteratura bulgara$xTraduzioni$3UONC070977$2FI 620 $aBG$dSofija$3UONL003208 676 $a891.81$cLetteratura bulgara$v21 700 1$aCERKOVSKI$bCanko$3UONV183658$0699154 790 1$aTZERKOVSKY, Tzanko$yCERKOVSKI, Canko$3UONV183660 801 $aIT$bSOL$c20260206$gRICA 899 $aSIBA - SISTEMA BIBLIOTECARIO DI ATENEO E ARCHIVIO STORICO$2UONSI 912 $aUON00321341 950 $aSIBA - SISTEMA BIBLIOTECARIO DI ATENEO E ARCHIVIO STORICO$dSI BULGARO B 0005 $eSI MR 5250 5 0005 996 $aChansons$91371195 997 $aUNIOR